书目信息 |
| 题名: |
东亚论
|
|
| 作者: | 子安宣邦 , 子安宣邦 著 ;赵京华 编译 | |
| 分册: | ||
| 出版信息: | 长春 吉林人民出版社 2005 |
|
| 页数: | 326页 | |
| 开本: | 20cm | |
| 丛书名: | 话语行动译丛 | |
| 单 册: | ||
| 中图分类: | B313.5 | |
| 科图分类: | ||
| 主题词: | 思想史--研究--日本--现代 , 思想史 | |
| 电子资源: | ||
| ISBN: | 7-206-04453-0 | |
| 000 | 01077oam2 2200313 45 | |
| 001 | 012006200061 | |
| 005 | 20061214092319.79 | |
| 010 | @a7-206-04453-0@dCNY38.00 | |
| 092 | @aCN@b475122 | |
| 100 | @a20060329d2005 em y0chiy0121 ea | |
| 101 | 1 | @achi@cjpn |
| 102 | @aCN@b220000 | |
| 105 | @ay z 000yy | |
| 200 | 1 | @a东亚论@9dong ya lun@e日本现代思想批判@f(日)子安宣邦著@F(ri)zi an xuan bang zhu@g赵京华编译 |
| 205 | @a2版 | |
| 210 | @a长春@c吉林人民出版社@d2005 | |
| 215 | @a326页@d20cm | |
| 225 | 2 | @a话语行动译丛 |
| 330 | @a本书作者对于日本现代知识制度和话语体系的所谓不证自明的合理性进行了猛烈的颠覆,并展开了对于“东亚”这一个既缀满历史痕迹又有现实迫切性的话题的重新讨论。 | |
| 461 | 0 | @12001 @a话语行动译丛 |
| 517 | 1 | @a日本现代思想批判@9ri ben xian dai si xiang pi pan |
| 606 | 0 | @a思想史@x研究@y日本@z现代 |
| 606 | 0 | @a思想史 |
| 690 | @aB313.5@v4 | |
| 701 | 0 | @a子安宣邦@9zi an xuan bang@4著 |
| 701 | 0 | @a子安宣邦@Azi an xuan bang@4著 |
| 702 | 0 | @a赵京华@9zhao jing hua@4编译 |
| 801 | 0 | @aCN@bLZJBOOK@c20061214 |
| 905 | @a10447@dB313.5@e11 | |
| 东亚论:日本现代思想批判/(日)子安宣邦著/赵京华编译.-2版.-长春:吉林人民出版社,2005 |
| 326页;20cm.-(话语行动译丛) |
| ISBN 7-206-04453-0:CNY38.00 |
| 本书作者对于日本现代知识制度和话语体系的所谓不证自明的合理性进行了猛烈的颠覆,并展开了对于“东亚”这一个既缀满历史痕迹又有现实迫切性的话题的重新讨论。 |
| ● |
| 相关链接 |
|
|
|
|
正题名:东亚论
索取号:B313.5/11
 
预约/预借
| 序号 | 登录号 | 条形码 | 馆藏地/架位号 | 状态 | 备注 |
| 1 | 0550306 | 205503061 | 第一样本阅览室/ [索取号:B313.5/11] | 在馆 | |
| 2 | 0550307 | 205503070 | 第一借阅区/ [索取号:B313.5/11] | 在馆 | |
| 3 | 0550308 | 205503089 | 第一借阅区/ [索取号:B313.5/11] | 在馆 | |
| 4 | 0550309 | 205503098 | 第一借阅区/ [索取号:B313.5/11] | 在馆 | |
| 5 | 0550310 | 205503105 | 教育系资料室/ [索取号:B313.5/11] | 在馆 | |
| 6 | 0550311 | 205503114 | 教育系资料室/ [索取号:B313.5/11] | 在馆 | |
| 7 | 0550312 | 205503123 | 教育系资料室/ [索取号:B313.5/11] | 在馆 | |
| 8 | 0550313 | 205503132 | 第一借阅区/ [索取号:B313.5/11] | 在馆 |